ZVYŠOVÁNÍ MEZE PEVNOSTI KONŠTRUKČNÍ CrNiMo OCELI TERMOMECHANICKÝM ZPRACOVÁNÍM

Bibliographic Details
Main Authors: Balušek, Jaromír (Author), Mazanec, Karel, 1925-2009 (Author), Hyspecká, Ludmila, 1934- (Author)
Format: Article
Language:Slovak

MARC

LEADER 00000nab a2200000ua 4500
001 vtls010777688
003 SK-MaSNL
005 20260303135655.0
008 230218s1963 xo |||||||||||||||||slo|
035 |a (urnnbn)urn:nbn:sk:snk:ar-002tfo 
035 |a (uuid)9672a830-bd81-4cad-a3e6-5d10e3e82c29 
035 |a urn:nbn:sk:snk-ab41ki 
040 |a SNKBUCL  |b slo  |c SNKBUCL  |e AACR2 
041 0 |a slo 
044 |a xo  |c SK 
100 1 |a Balušek, Jaromír  |4 aut  |9 1157330 
245 1 0 |a ZVYŠOVÁNÍ MEZE PEVNOSTI KONŠTRUKČNÍ CrNiMo OCELI TERMOMECHANICKÝM ZPRACOVÁNÍM  |c Jaromír Balušek, Karel Mazanec, Ludmila Hyspecká 
700 1 |a Mazanec, Karel,  |d 1925-2009  |4 aut  |9 212346 
700 1 |a Hyspecká, Ludmila,  |d 1934-  |4 aut  |9 116346 
773 0 |t Kovové materiály  |g Roč. 1, č. 2 (1963), s. 251-262 
954 |a odborná, vedecká literatúra pôvodná (slovenská)  |2 lita 
958 |a OND 
958 |a EUIPO 
958 |a article3 
999 |c 1967062  |d 1968992